书目信息 |
| 题名: |
农村双层经营体制法律制度研究
|
|
| 作者: | 谭贵华 著 | |
| 分册: | ||
| 出版信息: | 北京 法律出版社 2015 |
|
| 页数: | 217页 | |
| 开本: | 24cm | |
| 丛书名: | 西南政法大学经济法学文库 | |
| 单 册: | ||
| 中图分类: | F320.2 | |
| 科图分类: | ||
| 主题词: | 农村经济--nong cun jing ji--经济体制改革--研究--中国 | |
| 电子资源: | ||
| ISBN: | 978-7-5118-7128-2 | |
| 000 | 01137nam0 22002531 450 | |
| 001 | 0116132751 | |
| 005 | 20161219101310.21 | |
| 010 | @a978-7-5118-7128-2@dCNY39.00 | |
| 100 | @a20150310d2015 kemy0chiy50 ea | |
| 101 | 0 | @achi |
| 102 | @aCN@b110000 | |
| 105 | @ay v 000yy | |
| 106 | @ar | |
| 200 | 1 | @a农村双层经营体制法律制度研究@9nong cun shuang ceng jing ying ti zhi fa lv zhi du yan jiu@f谭贵华著 |
| 210 | @a北京@c法律出版社@d2015 | |
| 215 | @a217页@d24cm | |
| 225 | 2 | @a西南政法大学经济法学文库@9xi nan zheng fa da xue jing ji fa xue wen ku@v10 |
| 330 | @a本书站在稳定和完善农村双层经营体制的立场,通过综合运用历史、规范、实证、比较等分析方法,在对我国农村双层经营体制的形成与确立,以及其确立后的制度变迁历程加以全面、系统爬梳的基础上,立足新时期农村双层经营体制所处的内外部制度环境,对其当前所存在的突出法律问题予以重点剖析,进而提出尽可能具体的完善对策。 | |
| 461 | 0 | @12001 @a西南政法大学经济法学文库@v10 |
| 606 | 0 | @a农村经济@9nong cun jing ji@x经济体制改革@x研究@y中国 |
| 690 | @aF320.2@v5 | |
| 701 | 0 | @a谭贵华@9tan gui hua@f(1984~)@4著 |
| 801 | 0 | @aCN@bTANGWEI@c20160820 |
| 905 | @b0952894-8@dF320.2@e172@f5 | |
| 农村双层经营体制法律制度研究/谭贵华著.-北京:法律出版社,2015 |
| 217页;24cm.-(西南政法大学经济法学文库;10) |
| ISBN 978-7-5118-7128-2:CNY39.00 |
| 本书站在稳定和完善农村双层经营体制的立场,通过综合运用历史、规范、实证、比较等分析方法,在对我国农村双层经营体制的形成与确立,以及其确立后的制度变迁历程加以全面、系统爬梳的基础上,立足新时期农村双层经营体制所处的内外部制度环境,对其当前所存在的突出法律问题予以重点剖析,进而提出尽可能具体的完善对策。 |
| ● |
| 相关链接 |
|
|
|
|
正题名:农村双层经营体制法律制度研究
索取号:F320.2/172
 
预约/预借
| 序号 | 登录号 | 条形码 | 馆藏地/架位号 | 状态 | 备注 |
| 1 | 0952894 | 209528947 | 第一样本阅览室/ [索取号:F320.2/172] | 在馆 | |
| 2 | 0952895 | 209528956 | 第一借阅区/ [索取号:F320.2/172] | 在馆 | |
| 3 | 0952896 | 209528965 | 第一借阅区/ [索取号:F320.2/172] | 在馆 | |
| 4 | 0952897 | 209528974 | 第一借阅区/ [索取号:F320.2/172] | 在馆 | |
| 5 | 0952898 | 209528983 | 第一借阅区/ [索取号:F320.2/172] | 在馆 |